Statistics for U.S. Cities Bigger Than Wyoming

Click here to take the quiz!

General Stats

  • This quiz has been taken 3,021 times
  • The average score is 19 of 31

Answer Stats

PopulationCity% Correct
8,537,673New York City
99%
3,976,322Los Angeles
98%
2,704,958Chicago
90%
1,317,929Dallas
86%
2,303,482Houston
84%
704,352Seattle
84%
673,184Boston
81%
870,887San Francisco
81%
1,406,630San Diego
73%
681,170Washington D.C.
71%
1,567,872Philadelphia
70%
639,863Portland
69%
947,890Austin
65%
1,615,017Phoenix
64%
693,060Denver
63%
672,795Detroit
61%
632,912Las Vegas
60%
1,492,510San Antonio
55%
614,664Baltimore
48%
660,388Nashville
48%
855,164Indianapolis
44%
842,051Charlotte
42%
880,619Jacksonville
42%
860,090Columbus
41%
1,025,350San Jose
41%
652,717Memphis
36%
595,047Milwaukee
34%
854,113Fort Worth
33%
638,367Oklahoma City
33%
683,080El Paso
27%
616,261Louisville
27%

Score Distribution

Percentile by Number Answered

Percent of People with Each Score

Your Score History

You have not taken this quiz